000 00530cab a2200229 4500
001 X1614
008 090401t xxu||||| |||| 00| 0 eng d
035 _a(Sirsi) u94883
041 _aeng
245 _aJCT launches new terrorism guide
350 _a0
490 _aCSM (Chartered Surveyor Monthly)
_v3(10) July/August 61(1)
650 _aBOMBS
650 _aEXPLOSIONS
650 _aFIRE
650 _aIFC 84
650 _aJCT 80
650 _aWCD 81
690 _aInsurance
_96249
942 _n0
948 _c04/03/1997
999 _c59612
_d59612